000 00484nam a22001817a 4500
003 UA-OsUOA
001 6941
007 ta
008 20040601b un ||||| |||| 00| 0 ukr d
100 _aКрук Галина
942 _cSA
040 _aUA-OsUOA
_cUA-OsUOA
_dUA-OsUOA
245 _aЗ нової книги : [ Поезії ]
300 _aС.43-46
955 _a0
773 0 _w0
_tСучасність
_dКиїв
_d2004
_g№5
650 7 _aХудожня література
_2UDC
999 _c293102
_d293102